[Event "Eastern Asia-ch U16"]
[Site "Tornelo INT"]
[Date "2021.10.29"]
[Round "1"]
[White "Laohawirapap, Prin"]
[Black "Lim, Jing Hng"]
[Result "1-0"]
[WhiteElo "1904"]
[BlackElo "1446"]
[PlyCount "67"]
[EventDate "2021.10.29"]
[EventType "swiss"]
[EventRounds "9"]
[EventCountry "NET"]
[SourceTitle "CBM 205 Extra"]
[Source "ChessBase"]
[SourceDate "2022.01.31"]
[SourceVersion "1"]
[SourceVersionDate "2022.01.31"]
[SourceQuality "1"]

1. e4 c5 2. Nc3 Nc6 3. Bb5 Nd4 4. Nf3 g6 5. Nxd4 cxd4 6. Ne2 Bg7 7. 0-0 a6 8. Ba4 b5 9. Bb3 Bb7 10. d3 e5 11. f4 Ne7 12. fxe5 0-0 13. Nxd4 Bxe5 14. Nf3 Bg7 15. Qe1 d5 16. Qh4 Qb6+ 17. Kh1 Rae8 18. Bh6 f6 19. Rae1 g5 20. Qh5 Ng6 21. Bxg7 Kxg7 22. exd5 Qd6 23. Nd4 Bc8 24. Ne6+ Bxe6 25. dxe6 Nf4 26. Qg4 h5 27. Qf5 Qc6 28. Qe4 Qd6 29. d4 Re7 30. c3 Rfe8 31. d5 Rg8 32. Rd1 Kh6 33. g3 Ng6 34. Rxf6 1-0

[Event "Eastern Asia-ch U16"]
[Site "Tornelo INT"]
[Date "2021.10.29"]
[Round "2"]
[White "Lim, Jing Hng"]
[Black "Suneth, Shyam Keshaav"]
[Result "1-0"]
[WhiteElo "1446"]
[BlackElo "1133"]
[PlyCount "47"]
[EventDate "2021.10.29"]
[EventType "swiss"]
[EventRounds "9"]
[EventCountry "NET"]
[SourceTitle "CBM 205 Extra"]
[Source "ChessBase"]
[SourceDate "2022.01.31"]
[SourceVersion "1"]
[SourceVersionDate "2022.01.31"]
[SourceQuality "1"]

1. d4 d5 2. Nf3 Nf6 3. Bf4 c5 4. e3 Bg4 5. Nbd2 e6 6. c3 Bd6 7. Qa4+ Nc6 8. Ba6 Bxf4 9. Bxb7 0-0 10. Bxc6 Bd6 11. Bxa8 Qxa8 12. 0-0 Qb8 13. Qb3 Qc7 14. h3 Bh5 15. Qc2 cxd4 16. exd4 Bg6 17. Qd1 Rb8 18. Nb3 Qd8 19. Re1 Bc7 20. Ne5 Nd7 21. Nc6 Qg5 22. Nxb8 Bh5 23. Qd3 Bg6 24. Qa6 1-0

[Event "Penang op-B 11th"]
[Site "Penang"]
[Date "2019.12.12"]
[Round "6"]
[White "Lim, Jing Hng"]
[Black "Wong, Kah Meng"]
[Result "0-1"]
[WhiteElo "1596"]
[BlackElo "1251"]
[PlyCount "152"]
[EventDate "2019.12.09"]
[EventType "swiss"]
[EventRounds "9"]
[EventCountry "MAS"]
[SourceTitle "CBM 193 Extra"]
[Source "ChessBase"]
[SourceDate "2020.01.31"]
[SourceVersion "1"]
[SourceVersionDate "2020.01.31"]
[SourceQuality "1"]

1. d4 d5 2. Bf4 Nf6 3. Nf3 c6 4. e3 Bf5 5. Bd3 Bg6 6. 0-0 e6 7. c4 Be7 8. Ne5 Bxd3 9. Qxd3 Nbd7 10. h3 0-0 11. Nd2 Rc8 12. c5 Nxe5 13. Bxe5 Nd7 14. Bh2 b6 15. b4 a5 16. a3 b5 17. a4 bxa4 18. Rxa4 axb4 19. Rxb4 Ra8 20. Rfb1 Re8 21. f4 f5 22. Nf3 Bf6 23. Rb7 Qc8 24. Bg3 Re7 25. Qb3 Re8 26. Bh4 Bxh4 27. Nxh4 Rb8 28. Nf3 h6 29. Ne5 Rxb7 30. Qxb7 Nxe5 31. fxe5 Rf8 32. Qa7 Qe8 33. Rb7 Qg6 34. Kh2 f4 35. exf4 Rxf4 36. Rb8+ Kh7 37. Qa8 Qg5 38. Rh8+ Kg6 39. Rf8 Rxf8 40. Qxf8 Kh7 41. Qf2 Qg6 42. h4 Qg4 43. g3 Qe4 44. Qb2 Qe3 45. Qb1+ Qe4 46. Qxe4+ dxe4 47. g4 Kg6 48. Kg3 h5 49. Kf4 e3 50. gxh5+ Kxh5 51. Kxe3 Kh6 52. Kf4 Kg6 53. Kg4 Kh6 54. Kf4 Kg6 55. Ke4 Kh6 56. Kf4 Kg6 57. Kg4 Kh6 58. h5 g6 59. hxg6 Kxg6 60. Kf4 Kf7 61. Kg5 Kg7 62. Kh5 Kh7 63. Kh4 Kh6 64. Kh3 Kg5 65. Kg3 Kf5 66. Kf3 Kg5 67. Kf2 Kf5 68. Kf3 Kg5 69. Ke4 Kg4 70. Kd3 Kg5 71. Kc3 Kf5 72. Kb4 Ke4 73. Ka5 Kxd4 74. Kb6 Kd5 75. Kc7 Kxc5 76. Kd7 Kd5 0-1

[Event "Penang Mini op 2nd"]
[Site "Penang"]
[Date "2019.06.09"]
[Round "9"]
[White "Lim, Jing Hng"]
[Black "Tan, Yik Chean"]
[Result "1-0"]
[WhiteElo "1460"]
[BlackElo "1586"]
[PlyCount "103"]
[EventDate "2019.06.05"]
[EventType "swiss"]
[EventRounds "9"]
[EventCountry "MAS"]
[SourceTitle "CBM 190 Extra"]
[Source "ChessBase"]
[SourceDate "2019.07.15"]
[SourceVersion "1"]
[SourceVersionDate "2019.07.15"]
[SourceQuality "1"]

1. d4 d5 2. Bf4 Nf6 3. e3 c5 4. c3 Nc6 5. Nf3 Qb6 6. Qb3 c4 7. Qc2 Bf5 8. Qc1 e6 9. Nbd2 Be7 10. h3 Ne4 11. Nxe4 Bxe4 12. Nd2 g5 13. Bg3 Bg6 14. Be2 Qd8 15. 0-0 b5 16. b3 h5 17. a4 a6 18. axb5 axb5 19. bxc4 bxc4 20. Qb2 0-0 21. Bf3 h4 22. Bh2 Bd3 23. Rxa8 Qxa8 24. Ra1 Qc8 25. e4 dxe4 26. Bxe4 Bxe4 27. Nxe4 f5 28. Nd6 Bxd6 29. Bxd6 Rf7 30. Qe2 Qd7 31. Ra8+ Nd8 32. Qh5 Rg7 33. Be5 Qe7 34. Bxg7 Kxg7 35. Qf3 Nf7 36. Qc6 Qd6 37. Qxc4 g4 38. hxg4 fxg4 39. Qc8 Qf4 40. Qg8+ Kf6 41. Ra1 g3 42. fxg3 Qe3+ 43. Kh2 hxg3+ 44. Qxg3 Qh6+ 45. Kg1 Ng5 46. Ra7 Kg6 47. Ra5 Kf6 48. Qxg5+ Qxg5 49. Rxg5 Kxg5 50. Kf2 Kf4 51. g3+ Ke4 52. Ke2 1-0

[Event "Penang Mini op 2nd"]
[Site "Penang"]
[Date "2019.06.08"]
[Round "7"]
[White "Gunawan, Ronny"]
[Black "Lim, Jing Hng"]
[Result "1-0"]
[WhiteElo "2269"]
[BlackElo "1460"]
[PlyCount "59"]
[EventDate "2019.06.05"]
[EventType "swiss"]
[EventRounds "9"]
[EventCountry "MAS"]
[SourceTitle "CBM 190 Extra"]
[Source "ChessBase"]
[SourceDate "2019.07.15"]
[SourceVersion "1"]
[SourceVersionDate "2019.07.15"]
[SourceQuality "1"]

1. d4 d5 2. c4 c6 3. Nd2 Nf6 4. Ngf3 Bf5 5. g3 e6 6. Bg2 Bd6 7. 0-0 0-0 8. b3 h6 9. Bb2 Nbd7 10. h3 Re8 11. Ne5 Qc7 12. f4 c5 13. e3 Rad8 14. Rc1 b6 15. Qe2 Ne4 16. Nxe4 Bxe4 17. Bxe4 dxe4 18. Qg2 f5 19. g4 Re7 20. Kh1 a5 21. Rg1 Bxe5 22. fxe5 g5 23. Rcd1 Qb7 24. d5 Rf8 25. dxe6 Rxe6 26. gxf5 Rxf5 27. Qg4 Nxe5 28. Qxf5 Qe7 29. Bxe5 Rxe5 30. Qg6+ 1-0

[Event "Penang Mini op 2nd"]
[Site "Penang"]
[Date "2019.06.06"]
[Round "4"]
[White "Lim, Jing Hng"]
[Black "Ong, Yi Herng Joel"]
[Result "1-0"]
[WhiteElo "1460"]
[BlackElo "1779"]
[PlyCount "85"]
[EventDate "2019.06.05"]
[EventType "swiss"]
[EventRounds "9"]
[EventCountry "MAS"]
[SourceTitle "CBM 190 Extra"]
[Source "ChessBase"]
[SourceDate "2019.07.15"]
[SourceVersion "1"]
[SourceVersionDate "2019.07.15"]
[SourceQuality "1"]

1. d4 Nf6 2. Bf4 d5 3. e3 c5 4. c3 Nc6 5. Bd3 Qb6 6. Qc1 e6 7. Nf3 Be7 8. h3 0-0 9. 0-0 Qd8 10. Nbd2 Re8 11. Ne5 Bd6 12. Ndf3 Qe7 13. Qc2 c4 14. Be2 Bd7 15. b3 b5 16. a4 a6 17. axb5 axb5 18. bxc4 bxc4 19. Ng5 Rxa1 20. Rxa1 Rf8 21. Ra6 h6 22. Ngxf7 Rxf7 23. Ng6 Qe8 24. Bxd6 Ne4 25. Bf4 e5 26. Nxe5 Nxe5 27. dxe5 g5 28. Bh5 gxf4 29. Bxf7+ Qxf7 30. f3 Bc8 31. Ra8 Qb7 32. Rxc8+ Qxc8 33. fxe4 Qc5 34. Qe2 fxe3 35. exd5 Kh7 36. e6 Kh8 37. Kh1 Kh7 38. Qf3 Qb6 39. Qf7+ Kh8 40. e7 Qb1+ 41. Kh2 Qb8+ 42. Kg1 Qb1+ 43. Qf1 1-0